000 00803nam a22002297a 4500
999 _c17671
_d17671
003 AR-CdUCM
008 190509b ||||| |||| 00| 0 spa d
040 _aMUNICIPALIDAD PROVINCIAL DEL CUSCO
_cBIBLIOTECA MUNICIPAL DEL CUSCO
082 _a985.008 /
_bL345
100 _aLaso, Benito
_937808
245 _aEl poder de la fuerza de la fuerza y el poder de la ley /
260 _aLima :
_bHora del hombre,
_c1947.
300 _a88 pƔginas ;
_c20 cm.
440 _aBiblioteca del pensamiento peruano
_937809
505 _aContenido : El poder de la fuerza -- La fuerza instrumento de dominación -- La ley emana poder.
650 _aSocialismo
_91037
650 _aHistoria
_9136
650 _aCaudillaje militar
_937810
700 _aTauro, Alberto
_911692
942 _2ddc
_cLIBROS
945 _arcc